00621 2200241 4500001002100000005001500021035002000036007000300056008004100059020001800100082001200118084001800130100001400148245006200162250000600224260003100230300003200261650001700293700001900310856001800329990001600347990001600363INLIS00000000000068320221222013422 a0010-1222000123ta221222 d f ind  a9786020385914 a899.221 a899.221 TER c0 aTere Liye1 aCeros Dan Batozar /cTere Liye; Co-author, Diena Yashinta a- aJakarta :bGramedia,c2018 a376 hlm :bIlus ;c20 cme- 4aKesusastraan0 aDiena Yashinta a899.221 TER c a4758/P-2022 a5027/P-2023